1666 1610 1684 2000 1886 1673 1640 1619 1946 1529 1734 1547 1958 1504 1161 1688 1461 1448 1730 1913 1714 1311 1647 1799 1537 1696 1245 1691 1715 1328 1210 1703 1313 1816 1599 1658 1313 1667 1900 1553 1793 1708 1491 1241 1593 1080 1585 1475 1935 1942 1018 1846 1569 1293 1978 1906 1094 1809 1012 1791 1619 1409 1655 1103 1175 1122 1645 1526 1480 1683 1665 1228 1202 1345 1087 1821 1007 1911 1114 1252 1059 1484 1342 1918 1830 1280 1190 1254 1546 1608 1736 1339 1659 1406 1265 1062 1031 1028 1557 BCNSPRNW ULIB Ver.6.0+V

เปลี่ยนเป็นภาษาไทย

Change to English
 แสดงรายละเอียดบรรณานุกรม
  กลับหน้าหลัก

Brief Record : Get Marc (ISO 2709) : E-mail record : QR code < ปิดหน้าต่าง
LEADER : 00000nam 2200000uu 4500
001    13399127564
003     ULIB
008    210202s2560||||th 000 0 tha d
020    ^a9786169203568
060  4 ^aWO500^bต367
100 0  ^aเฉนียน เรืองเศรษฐกิจ, บรรณาธิการ
245 10 ^aตำราหัตถการพื้นฐานศัลยศาสตร์ /^cบรรณาธิการ, เฉนียน เรืองเศรษฐกิจ, พลากร สุรกุลประภา, กษยา ตันติผลาชีวะ, ธีรนุช บุญพิพัฒนาพงศ์ และ บูรพา กาญจนบัตร
250    ^aพิมพ์ครั้งที่ 2
260    ^aกรุงเทพฯ :^bราชวิทยาลัยศัลยแพทย์แห่งประเทศไทย, ^c2560
300    ^a320 หน้า :^bภาพประกอบสี ;^c21 ซม
500    ^aผู้ใหญ่
504    ^aบรรณานุกรมท้ายบท
505 0  ^aการล้างมือ การสวมเสื้อกาวน์ และเทคนิคปลอดเชื้อเบื้องต้น --เครื่องมือพื้นฐานทางศัลยกรรม -- การป้องกันอุบัติเหตุทางการแพทย์ --การดูแลแผลและสายระบาย --การฉีดยาระงับความรู้สึกเฉพาะที่และการฉีดยาชาที่นิ้ว -- การเย็บและการผูก-- การผ่าตัดก้อนทูมผิวหนังชนิดเป็นถุง และก้อนไขมันใต้ผิวหนัง --การตรวจทางทวารหนัก -- การใส่สายทางจมูกลงสู่กระเพาะอาหาร --หัตถการพื้นฐานของเล็บ -- การใส่สายสวนกระเพาะปัสสาวะ --การดูแลทวารเทียม -- การใส่สายสวนหลอดเลือดดำส่วนกลาง --การใส่ท่อระบายทรวงอก -- การผ่าตัดไส้ติ่ง
650  2 ^aSurgical Instruments
650  7 ^aศัลยศาสตร์
650  7 ^aอุปกรณ์และเครื่องมือศัลยกรรม
700 0  ^aพลากร สุรกุลประภา,^eบรรณาธิการ
700 0  ^aกษยา ตันติผลาชีวะ,^eบรรณาธิการ
700 0  ^aธีรนุช บุญพิพัฒนาพงศ์ ,^eบรรณาธิการ
700 0  ^aบูรพา กาญจนบัตร,^eบรรณาธิการ
710 2  ^aราชวิทยาลัยศัลยแพทย์แห่งประเทศไทย
945    ^p300^l0^i007494
945    ^p300^l0^i007495
945    ^p300^l0^i007496
945    ^p300^l0^i007497
945    ^p300^l0^i007498
999    ^aประนอม เกษจรัล
รายการนี้ยังไม่มีแท็ก
คุณยังไม่ได้ล็อกอิน คุณสามารถมีกิจกรรมร่วมกับเว็บไซต์ได้ แต่ต้องล็อกอินก่อน ::
  ล็อกอิน

รายการสื่อสารสนเทศ

ลำดับที่ ประเภท เลขเรียก/บาร์โค้ด สถานที่ สถานะ
1. วิทยาศาสตร์การแพทย์ และสุขภาพ
หนังสือสำรอง
สถานะ=หนังสือสำรอง
WO500 ต367 ฉ.1 
  Barcode: 007494
ห้องสมุดวิทยาเขตสวรรค์ประชารักษ์
►หนังสือทั่วไป
บนชั้น
2. วิทยาศาสตร์การแพทย์ และสุขภาพ
วิทยาศาสตร์การแพทย์ และสุขภาพ
WO500 ต367 ฉ.2 
  Barcode: 007495
ห้องสมุดวิทยาเขตสวรรค์ประชารักษ์
►หนังสือทั่วไป
บนชั้น
3. วิทยาศาสตร์การแพทย์ และสุขภาพ
วิทยาศาสตร์การแพทย์ และสุขภาพ
WO500 ต367 ฉ.3 
  Barcode: 007496
ห้องสมุดวิทยาเขตสวรรค์ประชารักษ์
►หนังสือทั่วไป
บนชั้น
4. วิทยาศาสตร์การแพทย์ และสุขภาพ
วิทยาศาสตร์การแพทย์ และสุขภาพ
WO500 ต367 ฉ.4 
  Barcode: 007497
ห้องสมุดวิทยาเขตสวรรค์ประชารักษ์
►หนังสือทั่วไป
บนชั้น
5. วิทยาศาสตร์การแพทย์ และสุขภาพ
วิทยาศาสตร์การแพทย์ และสุขภาพ
WO500 ต367 ฉ.5 
  Barcode: 007498
ห้องสมุดวิทยาเขตสวรรค์ประชารักษ์
►หนังสือทั่วไป
บนชั้น

รายการใกล้เคียง
    ผู้แต่ง [เฉนียน เรืองเศรษฐกิจ, บรรณาธิการ]

    หัวเรื่อง [Surgical Instruments]
    หัวเรื่อง [ศัลยศาสตร์]
    หัวเรื่อง [อุปกรณ์และเครื่องมือศัลยกรรม]

BibComment


ยังไม่เคยถูกคอมเมนท์

คอมเมนท์ทรัพยากรรายการนี้
  คอมเมนท์: ตำราหัตถการพื้นฐ..


 Copyright 2026. Bcnsprnw @Library